| 000 | 00628nam a2200181 a 4500 | ||
|---|---|---|---|
| 005 | 20210219160350.0 | ||
| 008 | 081021s1994 mx r 000 0 spa d | ||
| 035 | _aUPN01000163986 | ||
| 049 | _aUNE | ||
| 080 | _a37 (486) =20 1992-94 AUS. | ||
| 245 | 0 | 0 | _aAustria: development of education: 1992-1994 |
| 260 |
_aWien : _bMinistry of Education and the Arts, _c1994. |
||
| 300 | _a146 p. | ||
| 500 | _aInforme presentado en la 44a.; Reunión de la Conferencia Internacional de Educación, 1994 : Ginebra, Suiza | ||
| 690 | _a. Educacion- Austria | ||
| 710 | 2 | _aAustria. Ministry of Education and the Arts | |
| 905 | _aUNESCO | ||
| 999 |
_c136099 _d136099 |
||